Atomo, hombre y universo: la larga cadena de complicaciones
Salvato in:
| Autore principale: | |
|---|---|
| Natura: | Libro |
| Lingua: | spagnolo |
| Pubblicazione: |
Santiago, Chile
Universitaria
1971
|
| Serie: | El Mundo de la Ciencia.
6 |
| Soggetti: | |
| Tags: |
Aggiungi Tag
Nessun Tag, puoi essere il primo ad aggiungerne!!
|
MARC
| LEADER | 00000cam a2200000 a 4500 | ||
|---|---|---|---|
| 001 | UCX9274 | ||
| 003 | CL-VaPUC | ||
| 005 | 20250108095048.0 | ||
| 008 | 940530e19710000CL |||||||||||||||||spa|d | ||
| 999 | |c 228561 |d 228559 | ||
| 040 | |c Pontificia Universidad Católica de Valparaíso | ||
| 082 | 0 | 4 | |a 530.01 ALF 1971 |2 21 |
| 100 | |a Alfvén, Hannes |9 353306 | ||
| 245 | 1 | 0 | |a Atomo, hombre y universo: la larga cadena de complicaciones |
| 260 | 0 | 3 | |a Santiago, Chile |b Universitaria |c 1971 |
| 300 | |a 134 páginas | ||
| 490 | 0 | |a El Mundo de la Ciencia. |v 6 | |
| 583 | |a last modification |c 20170417 12:32:13 |k Rodrigo Vera | ||
| 650 | 0 | |a Filosofía de las ciencias |9 256466 | |
| 650 | 0 | |a Antropología filosófica |9 265842 | |
| 650 | 0 | |a Cosmología |9 269138 | |
| 942 | |c BK |2 ddc | ||
| 945 | |d 19940530 00:00:00 |a rbrito | ||
| 952 | |0 0 |1 0 |2 ddc |4 0 |6 530_010000000000000_ALF_1971 |7 0 |8 P |9 228763 |a BIBEDU |b BIBEDU |c BIBEDU_PB |d 2019-11-15 |i 2973200 |o 530.01 ALF 1971 |p 2973200 |r 2024-01-25 |t 2 |w 2019-11-15 |y BK |k EDU | ||
| 952 | |0 0 |1 0 |2 ddc |4 0 |6 530_010000000000000_ALF_1971 |7 0 |8 A |9 228764 |a BIBHIS |b BIBHIS |d 2019-11-15 |i 1361503 |o 530.01 ALF 1971 |p 1361503 |r 2025-01-20 |t 3 |w 2019-11-15 |y BK |k HIS | ||
| 952 | |0 0 |1 0 |2 ddc |3 erb |4 0 |6 530_010000000000000_ALF_1971 |7 0 |8 A |9 228765 |a BIBCUR |b BIBCUR |i 538852K |l 1 |m 3 |o 530.01 ALF 1971 |p 538852K |q 2025-05-12 |r 2025-04-22 |s 2025-04-11 |t 1 |w 2019-11-15 |y BK |z Catalogado en:20170422 |k BIO | ||